000 02953cam a2200385 i 4500
999 _c119280
_d119280
003 BJBSDDR
005 20230805181432.0
007 ta
008 150129s2015 nyu 001 0 eng
020 _a9780385350570 (hardcover)
020 _a0385350570
040 _aDLC
_bspa
_cBJBSDDR
041 _aeng
042 _apcc
043 _an-us---
050 1 4 _aHB 501
_bR347s 2015
082 0 0 _a330.973
_223
100 1 _aReich, Robert B.
_d1946-
_q(Robert Bernard),
245 1 0 _aSaving capitalism :
_bfor the many, not the few /
_cRobert B. Reich.
250 _aFirst edition.
260 _aNew York :
_bAlfred A. Knopf,
_c2015.
300 _a xvii, 279 pages :
_billustrations ;
_c25 cm.
336 _atext
_2rdacontent
337 _aunmediated
_2rdamedia
338 _avolume
_2rdacarrier
504 _aIncludes bibliographical references (pages 223-263) and index.
505 0 _aThe prevailing view -- The five building blocks of capitalism -- Freedom and power -- The new property -- The new monopoly -- The new contracts -- The new bankruptcy -- The enforcement mechanism -- Summary : the market mechanism as a whole -- The meritocratic myth -- The hidden mechanism of ceo pay -- The subterfuge of Wall Street pay -- The declining bargaining power of the middle -- The rise of the working poor -- The rise of the non-working rich -- Reprise -- The threat to capitalism -- The decline of countervailing power -- Restoring countervailing power -- Ending upward distribution -- Reinventing the corporation -- When robots take over -- The citizen's bequest -- New rules.
520 _aPerhaps no one is better acquainted with the intersection of finance and politics than Robert B. Reich, and now he reveals the cycles of power and influence that have perpetuated a new American oligarchy, a shrinking middle class, and the greatest income inequality and wealth disparity in eighty years. He makes clear how centrally problematic our veneration of the "free market" is, and how it has masked the power of the moneyed interests to tilt the market to their benefit. He exposes the falsehoods that have been bolstered by the corruption of our democracy by big corporations and the revolving door between Washington and Wall Street -- that all workers are paid what they're "worth," a higher minimum wage equals fewer jobs, corporations must serve shareholders before employees. Ever the pragmatist, Reich sees hope for reversing our slide toward inequality and diminished opportunity by shoring up the countervailing power of everyone else. Here is a revelatory indictment of our economic status quo and an empowering call to civic action.-
650 0 _aCapitalism
_zUnited States.
650 4 _aCapitalismo
_zEstados Unidos
_91787
650 0 _aDemocracy
_xEconomic aspects
_zUnited States.
650 4 _aDemocracia
_xAspectos económicos
_zEstados Unidos
_9411
650 0 _aIncome distribution
_zUnited States.
942 _2lcc
_cBK